00727nam a2200193 i 4500001001100000005001700011008004100028080001200069100003200081245011000113260004600223300004100269500002000310500002900330650002400359852001200383952012100395999001700516C00024341c20241029144123.0970206s1931 xxkf 001 0 eng d a7.034.71 aSitwell, Sacheverell.9915910aSpanish baroque art b: with buildings in Portugal, Mexico and other Colonies / cby Sacheverell Sitwell. aLondon : bThe Camelot Press Ltd, c1931. a112 p., [24] h. de lám. ; c23 cm. aBibliografía. aLegado Lafuente Ferrari. aArte barroco.9449842jLF-4375 001040708NORaRABASFbRABASFcLFd1997-02-06eDl0oLF-4375p1025865r2024-10-15 09:20:05w2024-10-15yFONDOMODER c23806d23806